000 00573nam a2200205 a 4500
001 43604
003 BD-RjUL
005 20211209053724.0
008 160625s1952 pk ||||| |||| 00| 0 eng d
035 _a(BD-RjUL)43722
040 _aBD-RjUL
_beng
_cBD-RjUL
_dBD-RjUL
041 _aeng
082 _a297.273
_bKHW 1952
100 1 0 _a Khan, Ihsan Muhammad
_9133974
245 1 0 _aWorld problems and Muslim economics /
_cby Ihsan Muhammad Khan
300 _a150 p. ;
_c22 cm.
650 _a Economics
_9133975
651 _3Religious aspects
_vIslam
_9133976
942 _2ddc
_cBK
999 _c43604
_d43604